Svetelný úžitkový objekt - projekt (Možný súvis s horolezectvom)

Guardado en:
Detalles Bibliográficos
Autor principal: Lajčáková, Katarína, 1988- (Autor)
Otros Autores: Lehocký, Peter, 1944- (Orientador)
Formato: Manuscrito Libro
Lenguaje:eslovaco
Publicado: Bratislava : STU v Bratislave FA, 2011
Materias:
Acceso en línea:VAIS
Etiquetas: Agregar Etiqueta
Sin Etiquetas, Sea el primero en etiquetar este registro!

MARC

LEADER 00000ntm a22000003a 4500
001 stu231103
005 20210609094143.4
008 110712s2011----xo------------------slo-d
040 |a STU  |b slo 
041 0 |a slo 
044 |a xo 
100 1 |a Lajčáková, Katarína,  |d 1988-  |4 aut  |u A  |T FAD Fakulta architektúry  |X 39838  |U A  |Y 50  |7 A000039838 
242 0 0 |a Luminous Utility Object - project (Possibly related to rock climbing)  |y eng 
245 1 |a Svetelný úžitkový objekt - projekt (Možný súvis s horolezectvom) 
260 |a Bratislava :  |b STU v Bratislave FA,  |c 2011 
650 7 |a dizajn výrobkov  |2 stusub 
650 7 |a Product Design  |2 estusub 
650 7 |a solar energy  |2 estusub 
650 7 |a safety  |2 estusub 
650 7 |a light  |2 estusub 
650 7 |a solárna energia  |2 stusub 
650 7 |a bezpečnosť  |2 stusub 
650 7 |a svetlo  |2 stusub 
650 7 |a šport  |2 stusub 
700 1 |a Lehocký, Peter,  |d 1944-  |4 ths  |u A9190  |U FAD Fakulta architektúry  |U FAD Fakulta architektúry  |T FA Ústav dizajnu  |X 441  |U A9190  |Y 400  |7 A000000441 
856 4 |a info a plný text  |u http://is.stuba.sk/zp/portal_zp.pl?podrobnosti=4054  |u https://opac.crzp.sk/?fn=detailBiblioForm&sid=75A6A01F16DA93B39DFAA814CDB9  |3 VAIS